La Revolución morazanista

Guardado en:
Bibliografiske detaljer
Hovedforfatter: Díaz Chavez, Filander
Format: Texto
Udgivet: Tegucigalpa: Guaymuras
Udgivelse:2
Tags: Tilføj Tag
Ingen Tags, Vær først til at tagge denne postø!

MARC

LEADER 00000 a a2200000 04500
001 23904
003
040
090 |a 165200  
100 |a Díaz Chavez, Filander  
245 |a La Revolución morazanista  
250 |a 2  
260 |a Tegucigalpa:   |b Guaymuras  
300 |a 281 p.  
999 |c 1846  |d 1846